[Event "Dortmund"]
[Site "Dortmund"]
[Date "1998.06.28"]
[Round "3"]
[White "Jussupow, Artur"]
[Black "Ivanchuk, Vassily"]
[Result "1/2-1/2"]
[WhiteElo "2630"]
[BlackElo "2740"]
[PlyCount "45"]
[EventDate "1998.06.26"]
[Source "ChessBase"]
[SourceDate "1998.09.30"]

1. d4 d6 2. c4 g6 3. Nc3 Bg7 4. Nf3 Nf6 5. Bg5 h6 6. Bh4 g5 7. Bg3 Nh5 8. e3 c5 9. d5 Qa5 10. Qc2 Nd7 11. Be2 Nb6 12. Nd2 Nxg3 13. hxg3 Bd7 14. Rc1 Na4 15. Nd1 b5 16. O-O Nb6 17. Nb3 Qa4 18. Nc3 Bxc3 19. Qxc3 O-O 20. Nd2 bxc4 21. e4 Qb4 22. Qxb4 cxb4 23. Nxc4 1/2-1/2

[Event "URS-chT"]
[Site "Moscow"]
[Date "1972.??.??"]
[Round "?"]
[White "Smyslov, Vassily"]
[Black "Taimanov, Mark E"]
[Result "1/2-1/2"]
[WhiteElo "2620"]
[BlackElo "2590"]
[PlyCount "107"]
[EventDate "1972.??.??"]
[Source "ChessBase"]

1. Nf3 Nf6 2. c4 g6 3. Nc3 Bg7 4. d4 d6 5. Bg5 O-O 6. e3 b6 7. Be2 Bb7 8. Qc2 c5 9. d5 e5 10. Nd2 Nbd7 11. O-O a6 12. a4 Qc7 13. f4 exf4 14. exf4 h6 15. Bh4 Rae8 16. Rae1 Bc8 17. h3 Re3 18. Bf2 Re7 19. g4 Rfe8 20. Nf3 Ne4 21. Nxe4 Rxe4 22. Bd3 Rxe1 23. Rxe1 Rxe1+ 24. Bxe1 Qd8 25. Qe2 Kf8 26. b3 a5 27. Bg3 Qe7 28. Kf2 Qxe2+ 29. Kxe2 Ke7 30. Nd2 Nf6 31. Bh4 Ke8 32. Kf3 Bd7 33. Be2 Bc8 34. Kg2 Kf8 35. Bf3 Bd7 36. Nf1 Bc8 37. Ne3 Bd7 38. Nd1 Bc8 39. Nf2 Bd7 40. Kf1 Bc8 41. Ke2 Bd7 42. Kd2 Bc8 43. Nd1 Bd7 44. Nc3 Bh8 45. Nd1 Bg7 46. Nf2 Bc8 47. Be2 Bd7 48. g5 hxg5 49. fxg5 Ne8 50. Bg4 Bxg4 51. Nxg4 Ke7 52. Kd3 Bb2 53. Bg3 Ng7 54. Nh6 1/2-1/2

[Event "Camp. russo a squadre 2007"]
[Site "Sochi RUS"]
[Date "2007.05.04"]
[Round "3"]
[White "Moiseenko, A1."]
[Black "Amonatov, F."]
[Result "1-0"]
[WhiteElo "2630"]
[BlackElo "2574"]
[PlyCount "113"]
[EventDate "2007.05.02"]
[Source "www.chesslib.no"]
[SourceDate "2004.05.04"]

1. d4 Nf6 2. c4 g6 3. Nc3 Bg7 4. Nf3 d6 5. Bg5 h6 6. Bh4 g5 7. Bg3 Nh5 8. e3 e6 9. Bd3 Qe7 10. Qc2 Nd7 11. O-O-O Ndf6 12. Kb1 Bd7 13. Nd2 Nxg3 14. hxg3 c5 15. dxc5 dxc5 16. Nde4 Bc6 17. Nxf6+ Qxf6 18. Be4 O-O 19. Rd2 Rfd8 20. Rxd8+ Rxd8 21. Bxc6 bxc6 22. Rd1 Rxd1+ 23. Nxd1 Qd8 24. g4 Qd7 25. f3 Qd6 26. Qe2 f5 27. Nf2 Qh2 28. Nd3 Bf8 29. a3 Qd6 30. Ka2 Bg7 31. Qc2 Kh8 32. Ka1 Kg8 33. Kb1 Kh8 34. Qe2 Kg8 35. Kc2 Kh8 36. f4 gxf4 37. exf4 Kh7 38. gxf5 exf5 39. Qe8 Qg6 40. Qxg6+ Kxg6 41. Nxc5 Kh5 42. Ne6 Bf6 43. b4 a6 44. a4 Kg4 45. c5 Be7 46. Kd3 Kg3 47. Nd4 Kxg2 48. Nxf5 h5 49. Nxe7 h4 50. Nf5 h3 51. Ne3+ Kf3 52. Nf1 Kf2 53. Nh2 Kg3 54. Ke2 Kxh2 55. Kf2 Kh1 56. a5 Kh2 57. f5 1-0

[Event "Linz"]
[Site "?"]
[Date "1997.??.??"]
[Round "?"]
[White "Glek, I."]
[Black "Lanka, Z."]
[Result "1-0"]
[WhiteElo "2620"]
[BlackElo "2575"]
[PlyCount "65"]
[EventDate "1997.??.??"]
[Source "ChessBase"]
[SourceDate "1997.02.01"]

1. d4 Nf6 2. Nf3 g6 3. c4 Bg7 4. Nc3 d6 5. Bg5 O-O 6. e3 h6 7. Bh4 c5 8. d5 a6 9. Nd2 Nbd7 10. a4 Ne8 11. f4 Rb8 12. Be2 Nc7 13. e4 Nf6 14. e5 Nfe8 15. Bg3 b5 16. O-O Bf5 17. axb5 axb5 18. cxb5 e6 19. dxe6 Nxe6 20. Nf3 Bg4 21. Ra6 Bxf3 22. Bxf3 Nd4 23. Be2 dxe5 24. fxe5 Nc7 25. Rd6 Qe8 26. Bc4 Kh8 27. Ne4 Ncxb5 28. Rdf6 Nf5 29. R1xf5 gxf5 30. Qh5 fxe4 31. Bf4 Kh7 32. Bxh6 Rh8 33. Bxf7 1-0

[Event "World op Champions"]
[Site "Philadelphia"]
[Date "1999.06.27"]
[Round "5"]
[White "Ehlvest, Jaan"]
[Black "Minasian, Artashes"]
[Result "1/2-1/2"]
[WhiteElo "2593"]
[BlackElo "2594"]
[PlyCount "31"]
[EventDate "1999.06.??"]
[Source "www.chesslib.no"]
[SourceDate "2004.05.04"]

1. Nf3 d6 2. d4 g6 3. c4 Bg7 4. Nc3 Nf6 5. Bg5 O-O 6. e3 c6 7. Be2 a6 8. Nd2 b5 9. O-O bxc4 10. Nxc4 a5 11. Rc1 Nbd7 12. Na4 Ba6 13. Re1 Bb5 14. Nc3 Ba6 15. Na4 Bb5 16. Nc3 1/2-1/2

[Event "otb"]
[Site "otb"]
[Date "2007.03.15"]
[Round "6"]
[White "Lysyj Igor"]
[Black "Khairullin Ildar"]
[Result "1/2-1/2"]
[WhiteElo "2576"]
[BlackElo "2586"]
[PlyCount "44"]
[Source "www.chesslib.no"]
[SourceDate "2004.05.04"]

1. d4 Nf6 2. Nf3 g6 3. c4 Bg7 4. Nc3 d6 5. Bg5 h6 6. Bh4 O-O 7. e3 c5 8. d5 e6 9. Nd2 exd5 10. cxd5 Re8 11. Be2 a6 12. a4 Nbd7 13. O-O b6 14. h3 g5 15. Bg3 Ne5 16. Qc2 Ra7 17. f4 Ng6 18. Nc4 gxf4 19. exf4 Ne7 20. Ne3 Ng6 21. Nc4 Ne7 22. Ne3 Ng6 1/2-1/2

[Event "Moscow 5'"]
[Site "Moscow RUS"]
[Date "1971.??.??"]
[Round "?"]
[White "Zaitsev, Alexander N"]
[Black "Petrosian, Tigran V"]
[Result "1/2-1/2"]
[WhiteElo "2520"]
[BlackElo "2640"]
[PlyCount "85"]
[EventDate "1971.??.??"]
[Source "www.chesslib.no"]
[SourceDate "2004.05.04"]

1. d4 Nf6 2. c4 g6 3. Nc3 Bg7 4. Nf3 d6 5. Bg5 h6 6. Bh4 g5 7. Bg3 Nh5 8. e3 e6 9. Nd2 Nxg3 10. hxg3 Nd7 11. Be2 Qe7 12. Qc2 a6 13. b4 c5 14. bxc5 dxc5 15. Nb3 cxd4 16. exd4 O-O 17. O-O Nf6 18. Rfe1 Qc7 19. Rac1 Bd7 20. Bf3 Qxc4 21. Bxb7 Rab8 22. Bf3 Rfc8 23. Nc5 Qxd4 24. Nxa6 Rb6 25. Red1 Qe5 26. Qd3 Qa5 27. Ne4 Rxc1 28. Rxc1 Nd5 29. Nac5 Bb5 30. Qc2 Rc6 31. a4 Bxa4 32. Qa2 Nc3 33. Rxc3 Bxc3 34. Qxa4 Rc8 35. Nxc3 Qxc3 36. Ne4 Qe5 37. Qd1 Kg7 38. g4 Qb2 39. Qd6 Qc1+ 40. Kh2 Qc7 41. Qxc7 Rxc7 42. Ng3 Kf6 43. Nh5+ 1/2-1/2

[Event "Olimpiadi 2008 - open"]
[Site "Dresda GER"]
[Date "2008.11.17"]
[Round "5"]
[White "Hillarp Persson, T."]
[Black "Kozul, Z."]
[Result "1-0"]
[WhiteElo "2543"]
[BlackElo "2593"]
[PlyCount "81"]
[EventDate "2008.11.13"]
[Source "www.chesslib.no"]
[SourceDate "2004.05.04"]

1. d4 Nf6 2. c4 g6 3. Nc3 Bg7 4. Nf3 d6 5. Bg5 h6 6. Bh4 g5 7. Bg3 Nh5 8. e3 c5 9. d5 Qa5 10. Qc2 Nd7 11. Rc1 a6 12. Nd2 Rb8 13. a4 Ndf6 14. Be2 Bd7 15. b3 Nxg3 16. hxg3 e6 17. dxe6 Bxe6 18. f3 O-O 19. Kf2 Rfe8 20. Nde4 Nxe4+ 21. Nxe4 Bf5 22. Bd3 Bxe4 23. Bxe4 b5 24. axb5 axb5 25. Bd5 Re7 26. Rhd1 b4 27. f4 Rbe8 28. e4 Ra7 29. Kf3 Qc7 30. Rf1 Qd7 31. Rcd1 Ra3 32. Kf2 Bd4+ 33. Rxd4 cxd4 34. Kg1 Qa7 35. Kh2 gxf4 36. Rxf4 Re7 37. e5 dxe5 38. Qg6+ Kf8 39. Qxh6+ Ke8 40. Bc6+ Rd7 41. Qh8+ 1-0

[Event "Memorial R.Nezhmetdinov (open)"]
[Site "Kazan (Russia)"]
[Date "2007.06.04"]
[Round "4"]
[White "Askarov Marat (RUS)"]
[Black "Amonatov Farrukh (TJK)"]
[Result "0-1"]
[WhiteElo "2561"]
[BlackElo "2574"]
[PlyCount "58"]
[EventDate "2007.??.??"]
[Source "www.chesslib.no"]
[SourceDate "2004.05.04"]

1. d4 Nf6 2. Nf3 g6 3. c4 Bg7 4. Nc3 d6 5. Bg5 h6 6. Bh4 O-O 7. e3 c5 8. Bd3 cxd4 9. exd4 Bg4 10. O-O Nc6 11. Be2 Nd7 12. Qd2 Bxf3 13. Bxf3 Nxd4 14. Bxb7 Rb8 15. Be4 g5 16. Bg3 f5 17. Bd5+ e6 18. Bxd6 exd5 19. cxd5 Ne5 20. Bxe5 Bxe5 21. Rad1 Qd6 22. h3 g4 23. hxg4 fxg4 24. Rfe1 g3 25. fxg3 Bg7 26. Kh2 Rf5 27. Qe3 Rbf8 28. Rd2 Re5 29. Ne4 Qxd5 0-1

[Event "European Club Cup 2002"]
[Site "?"]
[Date "2002.09.28"]
[Round "7.36"]
[White "Kotsur Pavel"]
[Black "Socko Bartosz"]
[Result "1/2-1/2"]
[WhiteElo "2573"]
[BlackElo "2562"]
[PlyCount "113"]
[EventDate "2002.??.??"]
[Source "www.chesslib.no"]
[SourceDate "2004.05.04"]

1. d4 Nf6 2. Nf3 g6 3. c4 Bg7 4. Nc3 d6 5. Bg5 h6 6. Bh4 g5 7. Bg3 Nh5 8. e3 Bd7 9. Be2 c5 10. d5 Qa5 11. Qc1 Na6 12. Nd2 Nxg3 13. hxg3 Nc7 14. a4 Na6 15. g4 Nb4 16. Qb1 a6 17. Ra3 O-O-O 18. Nb3 Qc7 19. a5 e6 20. Nd2 Kb8 21. Nf1 Qc8 22. Qd1 f5 23. dxe6 Bxe6 24. gxf5 Bxf5 25. e4 Be6 26. Ne3 Bd4 27. Qd2 Bxe3 28. fxe3 Nc6 29. Nd5 Rdf8 30. Nb6 Qc7 31. Rd3 Rd8 32. Qc3 Ne5 33. Rd2 h5 34. b4 cxb4 35. Qxb4 h4 36. Rb2 Qc5 37. Qxc5 dxc5 38. Nd5 Rdf8 39. Rb6 Bc8 40. Rd6 Nc6 41. Nb6 Re8 42. Bd3 Rd8 43. Nxc8 Kxc8 44. Rd5 Rhf8 45. Be2 Rxd5 46. exd5 Ne5 47. g3 hxg3 48. Rg1 Kc7 49. Rxg3 g4 50. Rg2 Rh8 51. Kf2 Rh1 52. Kg3 Kd6 53. Kf4 Rh8 54. Kg3 Rh3+ 55. Kf4 Rh8 56. Kg3 Rh3+ 57. Kf4 1/2-1/2

[Event "EU-ch 3rd"]
[Site "Batumi"]
[Date "2002.06.17"]
[Round "6"]
[White "Riazantsev, Alexander"]
[Black "Fedorov, Alexei"]
[Result "1/2-1/2"]
[WhiteElo "2527"]
[BlackElo "2598"]
[PlyCount "35"]
[EventDate "2002.06.12"]
[Source "ChessBase"]
[SourceDate "2002.09.20"]

1. d4 Nf6 2. c4 g6 3. Nc3 Bg7 4. Nf3 d6 5. Bg5 h6 6. Bh4 g5 7. Bg3 Nh5 8. e3 c5 9. dxc5 Nxg3 10. hxg3 dxc5 11. Qc2 Nc6 12. a3 Be6 13. Be2 Qa5 14. Rc1 Bxc3+ 15. Qxc3 Qxc3+ 16. Rxc3 f6 17. Bd3 b6 18. Be4 1/2-1/2

[Event "Calviá ol (Men)"]
[Site "Mallorca"]
[Date "2004.10.24"]
[Round "9.15"]
[White "Agrest, Evgenij"]
[Black "Moreno Carnero, Javier"]
[Result "1-0"]
[WhiteElo "2604"]
[BlackElo "2512"]
[PlyCount "79"]
[EventDate "2004.10.15"]
[Source "Roberto Alvarez"]
[SourceDate "2004.10.25"]

1. d4 Nf6 2. c4 g6 3. Nc3 Bg7 4. Nf3 d6 5. Bg5 h6 6. Bh4 g5 7. Bg3 Nh5 8. e3 c5 9. d5 Qa5 10. Qc2 Nd7 11. Be2 Nb6 12. Rc1 Bd7 13. O-O Nxg3 14. hxg3 Bxc3 15. Qxc3 Qxc3 16. Rxc3 Na4 17. Rc2 Bf5 18. Rd2 a6 19. Rc1 O-O 20. Nh2 b5 21. cxb5 axb5 22. Bxb5 Rfb8 23. Bc6 Ra7 24. g4 Bd7 25. Bxd7 Rxd7 26. b3 Nb6 27. Nf1 c4 28. bxc4 Na4 29. Ng3 Kg7 30. f3 Rdb7 31. Rdc2 Rb1 32. Rxb1 Rxb1+ 33. Kh2 Kf6 34. Ne4+ Ke5 35. Kg3 f5 36. gxf5 Kxf5 37. c5 dxc5 38. Nxc5 Nb6 39. Nd3 Nd7 40. Rc6 1-0

[Event "Tch-SWE 2002-3"]
[Site "Sweden"]
[Date "2003.03.14"]
[Round "9"]
[White "Agrest, Evgenij"]
[Black "Cicak, Slavko"]
[Result "1-0"]
[WhiteElo "2574"]
[BlackElo "2526"]
[PlyCount "65"]
[EventDate "2003.01.01"]
[Source "Roberto Alvarez"]
[SourceDate "2003.03.17"]

1. c4 g6 2. Nf3 Bg7 3. d4 d6 4. Nc3 Nf6 5. Bg5 O-O 6. e3 c5 7. d5 h6 8. Bh4 b5 9. cxb5 a6 10. Nd2 e6 11. dxe6 Bxe6 12. Be2 axb5 13. Bxb5 d5 14. O-O Qb6 15. a4 Rd8 16. Bxf6 Bxf6 17. Qf3 Bg7 18. Rad1 Na6 19. e4 d4 20. Nd5 Bxd5 21. exd5 Nb4 22. Nc4 Qb7 23. d6 Qxf3 24. gxf3 Bf8 25. d7 Rab8 26. Rfe1 Rb7 27. Re8 Rdxd7 28. Bxd7 Rxd7 29. Ra8 Kg7 30. a5 Be7 31. a6 Kf6 32. Rb8 Ra7 33. Rb6+ 1-0

[Event "Aubervilliers"]
[Site "?"]
[Date "2002.01.27"]
[Round "8"]
[White "Bacrot Etienne"]
[Black "Cabrera Alexis"]
[Result "1/2-1/2"]
[WhiteElo "2653"]
[BlackElo "2440"]
[PlyCount "122"]
[EventDate "2002.??.??"]
[Source "www.chesslib.no"]
[SourceDate "2004.05.04"]

1. d4 Nf6 2. Nf3 g6 3. c4 Bg7 4. Nc3 d6 5. Bg5 h6 6. Bh4 c5 7. e3 O-O 8. Be2 cxd4 9. Nxd4 Nc6 10. O-O Bd7 11. Rc1 Rc8 12. Qd2 a6 13. Nf3 Bf5 14. Bxf6 Bxf6 15. e4 Bg4 16. Qxh6 Bxf3 17. Bxf3 Ne5 18. Nd5 Nxf3+ 19. gxf3 e6 20. Nxf6+ Qxf6 21. Rc3 Rc5 22. Qe3 Rg5+ 23. Kh1 e5 24. Rd1 Rh5 25. Kg2 Qe6 26. Kf1 Rxh2 27. Ke2 Rc8 28. b3 Rc6 29. c5 Kg7 30. cxd6 Rxd6 31. Rxd6 Qxd6 32. Qc5 Qf6 33. Rd3 Rh1 34. Qc3 Qg5 35. Rd5 Rc1 36. Qxe5+ Qxe5 37. Rxe5 Rc2+ 38. Ke3 Rxa2 39. Rd5 Rb2 40. Rd3 Kf6 41. f4 Ke6 42. Kf3 b5 43. Ke3 a5 44. f3 a4 45. Rd8 Rxb3+ 46. Kf2 a3 47. Ra8 Rb2+ 48. Kg3 a2 49. Ra6+ Ke7 50. f5 gxf5 51. exf5 f6 52. Kg4 Rg2+ 53. Kf4 Re2 54. Kg4 Kd7 55. f4 Kc7 56. Kf3 Rb2 57. Ke4 Kb7 58. Ra3 Kc6 59. Ra8 Kb7 60. Ra3 Kb6 61. Ra8 b4 1/2-1/2

[Event "Dortmund"]
[Site "Dortmund"]
[Date "1986.??.??"]
[Round "?"]
[White "Smyslov, Vassily"]
[Black "Quinteros, Miguel Angel"]
[Result "1/2-1/2"]
[WhiteElo "2575"]
[BlackElo "2510"]
[PlyCount "54"]
[EventDate "1986.04.??"]
[Source "ChessBase"]

1. d4 Nf6 2. Nf3 g6 3. c4 Bg7 4. Nc3 d6 5. Bg5 h6 6. Bh4 g5 7. Bg3 Nh5 8. e3 e6 9. Nd2 Nxg3 10. hxg3 c5 11. dxc5 dxc5 12. Nde4 Qxd1+ 13. Rxd1 Nd7 14. g4 Ke7 15. Be2 b6 16. Nd6 Bxc3+ 17. bxc3 Nf6 18. Bf3 Rb8 19. Nb5 a6 20. Na7 Bd7 21. a4 e5 22. Nc6+ Bxc6 23. Bxc6 Nxg4 24. Rd7+ Ke6 25. Ra7 Nf6 26. e4 h5 27. Ke2 a5 1/2-1/2

[Event "XXIV Open"]
[Site "Cappelle La Grande FRA"]
[Date "2008.02.19"]
[Round "5"]
[White "Moiseenko, A1."]
[Black "Cossin, S."]
[Result "1-0"]
[WhiteElo "2643"]
[BlackElo "2438"]
[PlyCount "155"]
[EventDate "2008.02.16"]
[Source "www.chesslib.no"]
[SourceDate "2004.05.04"]

1. d4 Nf6 2. c4 g6 3. Nc3 Bg7 4. Nf3 d6 5. Bg5 h6 6. Bh4 g5 7. Bg3 Nh5 8. e3 e6 9. Be2 Nxg3 10. hxg3 Nc6 11. Qc2 Qe7 12. O-O-O Bd7 13. d5 Nb4 14. Qb3 a5 15. a3 Na6 16. Qc2 Nc5 17. Nd4 e5 18. Nf5 Bxf5 19. Qxf5 e4 20. Nb5 a4 21. Rh5 Qd7 22. Qxd7+ Kxd7 23. Bg4+ Kd8 24. Kc2 Ra6 25. Rd2 Rb6 26. Kb1 Be5 27. Rh1 Nb3 28. Rc2 c6 29. Nc3 Nc5 30. Bf5 Rb3 31. Nxe4 Nxe4 32. Bxe4 c5 33. Ka2 Ke7 34. Bf3 b5 35. cxb5 Rxb5 36. Be2 Rb3 37. Rd1 Rhb8 38. Rdd2 Bg7 39. Bc4 h5 40. Re2 R3b7 41. Kb1 h4 42. gxh4 gxh4 43. Kc1 Rb6 44. Red2 Bf6 45. Be2 R6b7 46. Bd1 Rb6 47. Re2 R6b7 48. Rcd2 c4 49. Bxa4 Ra7 50. Bd1 c3 51. bxc3 Rxa3 52. Ra2 Rxc3+ 53. Rec2 Rxc2+ 54. Kxc2 Rb7 55. Kd3 Rb2 56. Ra7+ Kf8 57. Bc2 Rb4 58. Ke2 Rg4 59. Kf3 Rc4 60. Bf5 Rc5 61. Be4 Rc4 62. Kf4 Rc1 63. Kf5 Be7 64. Ra3 Rf1 65. f4 Rf2 66. Kg4 Rf1 67. Ra2 Re1 68. Ra3 Rf1 69. Rb3 Kg7 70. Kf5 Rf2 71. Rb7 Kf8 72. Rb1 Ra2 73. Rb3 Rf2 74. Kg4 Rf1 75. Bf3 Kg7 76. e4 Ra1 77. Kf5 Bf6 78. Rb7 1-0

[Event "Hastings ENG"]
[Site "Hastings ENG"]
[Date "1972.??.??"]
[Round "13"]
[White "Smyslov, Vassily V"]
[Black "Westerinen, Heikki M J"]
[Result "1-0"]
[WhiteElo "2620"]
[BlackElo "2450"]
[PlyCount "97"]
[EventDate "1972.??.??"]
[Source "www.chesslib.no"]
[SourceDate "2004.05.04"]

1. c4 g6 2. d4 Bg7 3. Nc3 d6 4. Nf3 Nf6 5. Bg5 h6 6. Bh4 O-O 7. e3 Nbd7 8. Qc2 c6 9. Rd1 Qa5 10. Be2 e5 11. O-O Re8 12. dxe5 dxe5 13. Nd2 Nf8 14. a3 Bf5 15. Qc1 g5 16. Bg3 Ng6 17. b4 Qc7 18. f3 Rad8 19. c5 Nd5 20. Nde4 Nxc3 21. Qxc3 Be6 22. Nd6 Rf8 23. Bc4 Qe7 24. Qb3 Bxc4 25. Qxc4 Kh7 26. Nf5 Qf6 27. Qe4 Rd5 28. Nxg7 Rxd1 29. Rxd1 Kxg7 30. Rd6 Qe7 31. Qd3 Re8 32. Rd7 Qf6 33. Rxb7 Rd8 34. Rd7 e4 35. fxe4 Qa1+ 36. Kf2 Qa2+ 37. Kf1 Qxa3 38. Qd4+ Kg8 39. Be1 Qa2 40. Bd2 Qc2 41. h3 Nf8 42. Qd3 Qa2 43. b5 Qe6 44. b6 axb6 45. cxb6 c5 46. b7 Qb6 47. Qd5 Ne6 48. Bc3 Kf8 49. Be5 1-0

[Event "Jugoslavija"]
[Site "?"]
[Date "1995.??.??"]
[Round "?"]
[White "Beim, V."]
[Black "Dimitrov, V."]
[Result "1-0"]
[WhiteElo "2545"]
[BlackElo "2520"]
[PlyCount "71"]
[EventDate "1995.??.??"]
[Source "ChessBase"]
[SourceDate "1995.06.01"]

1. Nf3 d6 2. c4 g6 3. Nc3 Bg7 4. d4 Nf6 5. Bg5 h6 6. Bh4 O-O 7. e3 c5 8. Be2 Bf5 9. O-O Nbd7 10. h3 g5 11. Bg3 Ne4 12. Nxe4 Bxe4 13. Bd3 Nf6 14. dxc5 dxc5 15. Ne5 Bxd3 16. Nxd3 Ne4 17. Bh2 Qa5 18. Qc2 Qd2 19. Qb3 b6 20. Rfd1 Qe2 21. Re1 Qh5 22. f3 Nd6 23. Bxd6 exd6 24. Rad1 Rfe8 25. Nf2 Re6 26. Ne4 Qh4 27. Nc3 Rae8 28. Nd5 Bd4 29. Kf1 Qg3 30. Re2 h5 31. Qd3 g4 32. Qf5 gxh3 33. Qxh3 Qxh3 34. gxh3 Bxe3 35. Rg2+ Kh7 36. Nc7 1-0

[Event "Hamburg SKA"]
[Site "Hamburg"]
[Date "1991.??.??"]
[Round "?"]
[White "Knaak, Rainer"]
[Black "Lobron, Eric"]
[Result "0-1"]
[WhiteElo "2515"]
[BlackElo "2545"]
[PlyCount "82"]
[EventDate "1991.06.??"]
[Source "ChessBase"]

1. d4 d6 2. Nf3 Nf6 3. c4 g6 4. Nc3 Bg7 5. Bg5 O-O 6. e3 c5 7. Be2 Bf5 8. O-O Na6 9. a3 Ne4 10. Nxe4 Bxe4 11. Qd2 h6 12. Bh4 Rc8 13. Rac1 b6 14. Ne1 Nc7 15. f3 Bb7 16. d5 b5 17. b3 Rb8 18. Nd3 bxc4 19. bxc4 Ba6 20. e4 Rb3 21. e5 Rxa3 22. f4 Ra4 23. exd6 Qxd6 24. Ne5 e6 25. Qc2 Rb4 26. Rfd1 exd5 27. Be1 Rb7 28. cxd5 Bxe2 29. Qxe2 Re8 30. Qf3 Nb5 31. Bf2 Nd4 32. Bxd4 cxd4 33. Rc6 Qb4 34. d6 Bxe5 35. fxe5 Rxe5 36. Rc7 Rxc7 37. dxc7 Re1+ 38. Kf2 Re8 39. Qg4 Qc5 40. Qd7 d3+ 41. Kf1 Qe5 0-1

[Event "Unknown"]
[Site "?"]
[Date "1989.??.??"]
[Round "?"]
[White "Sokolov, Ivan"]
[Black "Kochiev, Aleksandr V"]
[Result "1/2-1/2"]
[WhiteElo "2580"]
[BlackElo "2475"]
[PlyCount "96"]
[EventDate "1989.??.??"]
[Source "www.chesslib.no"]
[SourceDate "2004.05.04"]

1. d4 Nf6 2. c4 d6 3. Nf3 g6 4. Nc3 Bg7 5. Bg5 c6 6. e4 h6 7. Bh4 g5 8. Bg3 Nh5 9. Qd2 Nd7 10. Be2 a6 11. O-O Nxg3 12. hxg3 O-O 13. Rad1 e6 14. Ne1 b5 15. f4 c5 16. Nc2 cxd4 17. Nxd4 b4 18. Na4 gxf4 19. gxf4 Bb7 20. Bf3 Qa5 21. b3 Nc5 22. Nxc5 dxc5 23. Ne2 Rad8 24. Qe3 Qxa2 25. e5 Bxf3 26. Qxf3 Rd2 27. Ng3 Rfd8 28. Rxd2 Qxd2 29. Qg4 Qd3 30. Rf3 Qg6 31. Qh3 Rd1+ 32. Kh2 Qb1 33. Qh4 Kh7 34. Qe7 Qg6 35. Qxc5 Qc2 36. Nh5 Qb1 37. Ng3 Qc2 38. Rf2 Rd2 39. Rxd2 Qxd2 40. Nh5 Kg6 41. Qe7 Qf2 42. c5 Bxe5 43. fxe5 Kxh5 44. Qf6 Qxc5 45. Qxf7+ Kg4 46. Qxe6+ Kf4 47. Qxh6+ Kxe5 48. Qxa6 Ke4 1/2-1/2

[Event "Las Vegas USA"]
[Site "?"]
[Date "2006.06.17"]
[Round "3"]
[White "Finegold Benjamin"]
[Black "Antic Dejan"]
[Result "1/2-1/2"]
[WhiteElo "2563"]
[BlackElo "2491"]
[PlyCount "29"]
[EventDate "2006.??.??"]
[Source "www.chesslib.no"]
[SourceDate "2004.05.04"]

1. d4 Nf6 2. c4 g6 3. Nc3 Bg7 4. Nf3 d6 5. Bg5 h6 6. Bh4 g5 7. Bg3 Nh5 8. e3 c5 9. dxc5 Nxg3 10. hxg3 dxc5 11. Qc2 Nc6 12. Be2 Qa5 13. Nd2 Be6 14. Nb3 Qb4 15. Nd2 1/2-1/2

[Event "Zagreb Vukovar"]
[Site "Zagreb"]
[Date "1993.??.??"]
[Round "9"]
[White "Kovacevic, Vlatko"]
[Black "Spraggett, Kevin"]
[Result "1/2-1/2"]
[WhiteElo "2485"]
[BlackElo "2565"]
[PlyCount "96"]
[EventDate "1993.05.??"]
[Source "ChessBase"]

1. d4 d6 2. c4 g6 3. Nc3 Bg7 4. Nf3 Nf6 5. Bg5 O-O 6. e3 Nbd7 7. Be2 c6 8. Qc2 h6 9. Bh4 e5 10. O-O g5 11. Bg3 Nh5 12. dxe5 Nxg3 13. hxg3 Nxe5 14. Nxe5 Bxe5 15. Rad1 Qe7 16. Rd2 Be6 17. f4 Bh8 18. Qd3 Rad8 19. Bd1 f5 20. Bb3 Bg7 21. Rfd1 Kh8 22. Kf2 gxf4 23. gxf4 a6 24. Rh1 Bc8 25. Ne2 b5 26. Nd4 Qe8 27. cxb5 axb5 28. Bc2 c5 29. Nxb5 d5 30. a4 Bb7 31. Bd1 d4 32. exd4 cxd4 33. Bf3 Be4 34. Re1 Bxd3 35. Rxe8 Rfxe8 36. Rxd3 Re3 37. Be2 Re4 38. g3 Bf8 39. Bf1 Rc8 40. Kf3 Rc1 41. Bh3 Bc5 42. Bxf5 Re3+ 43. Rxe3 dxe3 44. Bd3 Rd1 45. Be2 Rb1 46. a5 Rxb2 47. a6 Ra2 48. Nc3 Ra1 1/2-1/2

[Event "EU-chT (Men)"]
[Site "Haifa"]
[Date "1989.??.??"]
[Round "9"]
[White "Kovacevic, Vlatko"]
[Black "Wahls, Matthias"]
[Result "0-1"]
[WhiteElo "2515"]
[BlackElo "2535"]
[PlyCount "82"]
[EventDate "1989.11.??"]
[Source "ChessBase"]

1. d4 Nf6 2. Nf3 d6 3. c4 g6 4. Nc3 Bg7 5. Bg5 O-O 6. e3 Nbd7 7. Be2 h6 8. Bh4 g5 9. Bg3 Nh5 10. Qd3 e6 11. Nd2 Nxg3 12. hxg3 f5 13. g4 Nf6 14. gxf5 exf5 15. O-O-O a6 16. f3 c6 17. Rde1 b5 18. Bd1 Be6 19. Bb3 Kh8 20. Bc2 Rb8 21. g4 Qb6 22. cxb5 cxb5 23. gxf5 Bc4 24. Nxc4 bxc4 25. Qxc4 Qxb2+ 26. Kd2 Qb7 27. Rhf1 Rbc8 28. Qd3 Qb4 29. Rb1 Qa5 30. Rb7 Rc6 31. Rfb1 Rfc8 32. R1b3 g4 33. fxg4 d5 34. Ke2 Ne4 35. f6 Bxf6 36. Nxe4 dxe4 37. Qxe4 Rxc2+ 38. Kf3 Bg7 39. Rb8 Qd2 40. Kf4 Qh2+ 41. Kf5 Rf2+ 0-1

[Event "Nordic-ch"]
[Site "Aarhus"]
[Date "2003.09.15"]
[Round "9"]
[White "Agrest, Evgenij"]
[Black "Lie, Kjetil A"]
[Result "1-0"]
[WhiteElo "2605"]
[BlackElo "2440"]
[PlyCount "81"]
[EventDate "2003.09.06"]
[Source "ChessBase"]
[SourceDate "2004.02.03"]

1. d4 Nf6 2. c4 g6 3. Nc3 Bg7 4. Nf3 d6 5. Bg5 O-O 6. e3 c5 7. d5 e5 8. Nd2 h6 9. Bh4 Na6 10. Bd3 Nc7 11. a4 Qd7 12. f3 Nh7 13. e4 f5 14. a5 f4 15. Qa4 Qf7 16. Nb5 Nxb5 17. cxb5 g5 18. Bf2 g4 19. b4 c4 20. Bxc4 Ng5 21. Bf1 Qh5 22. O-O-O Bd7 23. Qb3 Rfc8+ 24. Kb2 Qe8 25. Nc4 Bf8 26. Na3 Qh5 27. h4 gxh3 28. Nb1 Bg7 29. Nd2 Qe8 30. gxh3 Bxb5 31. Bxb5 Qxb5 32. h4 Nh7 33. Nb1 b6 34. Nc3 Rxc3 35. Qxc3 bxa5 36. Rd2 Rb8 37. Ra1 Nf6 38. Bxa7 Rb7 39. Rxa5 Qxb4+ 40. Qxb4 Rxb4+ 41. Kc2 1-0

[Event "Graz op"]
[Site "Graz"]
[Date "1997.??.??"]
[Round "3"]
[White "Zoler, Dan"]
[Black "Wojtkiewicz, Aleksander"]
[Result "1/2-1/2"]
[WhiteElo "2465"]
[BlackElo "2575"]
[PlyCount "30"]
[EventDate "1997.10.??"]
[Source "www.chesslib.no"]
[SourceDate "2004.05.04"]

1. d4 g6 2. c4 Bg7 3. Nc3 d6 4. Nf3 Nf6 5. Bg5 O-O 6. e3 c5 7. Be2 Bf5 8. O-O h6 9. Bh4 Ne4 10. Nxe4 Bxe4 11. Qb3 Nc6 12. Nd2 Bf5 13. d5 Na5 14. Qa3 Qb6 15. e4 Bd7 1/2-1/2

[Event "Ch Macedonia (team)"]
[Site "Struga (Macedonia)"]
[Date "2007.07.24"]
[Round "2"]
[White "Dancevski Orce (MKD)"]
[Black "Kozul Zdenko (CRO)"]
[Result "1/2-1/2"]
[WhiteElo "2424"]
[BlackElo "2610"]
[PlyCount "113"]
[EventDate "2007.??.??"]
[Source "www.chesslib.no"]
[SourceDate "2004.05.04"]

1. d4 Nf6 2. c4 g6 3. Nc3 Bg7 4. Nf3 d6 5. Bg5 h6 6. Bh4 g5 7. Bg3 Nh5 8. e3 Nd7 9. Qc2 a6 10. Be2 e6 11. Nd2 Nxg3 12. hxg3 Qe7 13. O-O-O c6 14. f4 b5 15. Bf3 Bb7 16. Kb1 d5 17. c5 f5 18. b4 Nf6 19. Nb3 Kd7 20. Kb2 Kc7 21. Ra1 h5 22. a4 Bh6 23. Qd2 Qg7 24. axb5 axb5 25. Rxa8 Rxa8 26. Ra1 Rxa1 27. Kxa1 h4 28. gxh4 gxf4 29. exf4 Qg3 30. Ne2 Qxh4 31. g3 Qh2 32. Qe3 Ne4 33. Bxe4 dxe4 34. Kb2 Bg7 35. Kc2 Qh1 36. Nbc1 Qe1 37. Qc3 Qf2 38. Kd2 Bf6 39. Qe3 Qf1 40. Qb3 Bc8 41. Qa2 Kb8 42. Qb3 Bd7 43. Qa2 Bd8 44. Qb3 Qf2 45. Qe3 Qh2 46. Qg1 Qh5 47. Nc3 Be8 48. Qe3 Qh2+ 49. N3e2 Kc8 50. Qa3 Kd7 51. Qe3 Bh5 52. Qg1 Qh3 53. Qf2 Bf6 54. Qg1 Qg4 55. Qe3 Qf3 56. Nb3 Qg2 57. Nbc1 1/2-1/2

[Event "11 Open Aosta"]
[Site "Saint Vincent"]
[Date "2003.02.11"]
[Round "4"]
[White "Ibrahimov, Rasul"]
[Black "Nevednichy, Vladislav"]
[Result "1/2-1/2"]
[WhiteElo "2462"]
[BlackElo "2567"]
[PlyCount "36"]
[EventDate "2003.02.08"]
[Source "Roberto Alvarez"]
[SourceDate "2003.02.17"]

1. Nf3 g6 2. c4 Bg7 3. d4 d6 4. Nc3 Nf6 5. Bg5 h6 6. Bh4 O-O 7. e3 c5 8. Be2 cxd4 9. Nxd4 Nc6 10. O-O Bd7 11. Qd2 a6 12. Rfd1 Rc8 13. Rac1 Re8 14. f3 Ne5 15. Nd5 Nxd5 16. cxd5 Qb6 17. Bf2 Rxc1 18. Rxc1 Rc8 1/2-1/2